Etiqueta de registo: 00563c 02200205 04500
001 43420
003 http://id.bnportugal.gov.pt/bib/catbnp/43420
005 19981113153000.0
095 ## $aPTBN00044573
100 ## $a19820901d1982 m y0pora0103 ba
101 0# $apor
102 ## $aPT
200 1# $aLugar quebrado$fÓscar Possacos
210 #9 $a[Brangança]$cAssoc. dos Novos Artistas do Nordeste,$d1982
215 ## $a51 p.$d21 cm
225 2# $aCadernos de poesia e prosa$v1
675 ## $a821.134.3-1"19/20"$vBN$zpor$3567435
700 #1 $aPossacos,$bÓscar,$f1962-$3114528
801 #0 $aPT$bBN$gRPC
966 ## $lBN$mFGMON$sL. 30918 V.
997 ## $aBIBEOD
998 ## $aFSE95 - 00147
Etiqueta de registo: 00524cam 02200193 04500
001 39049
003 http://id.bnportugal.gov.pt/bib/catbnp/39049
005 19981113113200.0
095 ## $aPTBN00040092
100 ## $a19840501d1984 m y0pora0103 ba
101 0# $apor
102 ## $aPT
200 1# $aHúmida viagem$fÓscar Possacos
210 #9 $a[S.l.$cs.n.,$dD.L. 1984]$eBragança :$gEscola Tipográfica)
215 ## $a[59] p.$d23 cm
675 ## $a821.134.3-1"19/20"$vBN$zpor$3567435
700 #1 $aPossacos,$bÓscar,$f1962-$3114528
801 #0 $aPT$bBN$gRPC
966 ## $lBN$mFGMON$sL. 33659 V.
997 ## $aBIBEOD
998 ## $aFSE76 - 00423
Etiqueta de registo: 00000nam 2200025 450
001 1890348
003 http://id.bnportugal.gov.pt/bib/catbnp/1890348
010 ## $a978-972-622-045-9
021 ## $aPT$b378223/14
100 ## $a20141204d2014 m y0pory01030103ba
101 0# $apor
102 ## $aPT
105 ## $ay z 000gy
106 ## $ar
200 1# $aCantaria$fÓscar Possacos
205 ## $a1ª ed
210 #9 $aPorto$cAssociação dos Jornalistas e Homens de Letras do Porto,$d2014
215 ## $a97, [4] p.$d21 cm
225 2# $aExplicação das árvores
675 ## $a821.134.3-1"19/20"$vBN$zpor$3567435
700 #1 $aPossacos,$bÓscar,$f1962-$3114528
801 #0 $aPT$bBN$gRPC
856 41 $uhttp://rnod.bnportugal.gov.pt/ImagesBN/winlibimg.aspx?skey=&doc=1890348&img=53137&save=true
900 ## $aBIBNAC$d20141219
966 ## $lBN$mFGMON$sL. 126863 V.$x1
966 ## $lBN$mFGMON$sL. 126863 V.-D$x1
Etiqueta de registo: 00254nam 2200025 450
001 2207582
003 http://id.bnportugal.gov.pt/bib/catbnp/2207582
010 ## $a978-989-9213-51-7
021 ## $aPT$b540248/24
100 ## $a20250311d2024 m y0pory01030103ba
101 0# $apor
102 ## $aPT
105 ## $ay z 000gy
106 ## $ar
200 1# $aCurva$fÓscar Possacos
205 ## $a1ª ed
210 #9 $aVila Nova de Famalicão$cHúmus,$d2024
215 ## $a88, [10] p.$d16 cm
225 2# $a12catorzebold$v98
675 ## $a821.134.3-1"19/20"$vBN$zpor$3567435
700 #1 $aPossacos,$bÓscar,$f1962-$3114528
801 #0 $aPT$bBN$gRPC
856 41 $uhttp://rnod.bnportugal.gov.pt/ImagesBN/winlibimg.aspx?skey=&doc=2207582&img=206049&save=true
900 ## $aBIBNAC$d20250327
966 ## $lBN$mFGMON$sL. 122591 P.$x1
971 ## $ccsilva$d20250311
972 ## $e0$z0$d20250327$vlrevez
973 ## $cmlsousa$d20250324
Etiqueta de registo: 00254nam 2200025 450
001 2288896
003 http://id.bnportugal.gov.pt/bib/catbnp/2288896
010 ## $a978-989-9275-96-6
021 ## $aPT$b562836/26
100 ## $a20260625d2026 m y0pory01030103ba
101 0# $apor
102 ## $aPT
105 ## $aa z 001gy
106 ## $ar
200 1# $aTábua$fÓscar Possacos$gpref. Francisco Saraiva Fino$gdes. Avelino Sá
205 ## $a1ª ed
210 #9 $aVila Nova de Famalicão$cHúmus,$d2026
215 ## $a89, [7] p.$cil.$d16 cm
225 2# $aAdab
700 #1 $aPossacos,$bÓscar,$f1962-$3114528
702 #1 $aFino,$bFrancisco Saraiva$4080$31375205
702 #1 $aSá,$bAvelino,$f1961-$4440$31277236
801 #0 $aPT$bBN$gRPC
966 ## $lBN$mFGMON$x1
966 ## $lBN$mFGMON$x1
971 ## $corlando$d20260625